000 00707nam a2200265Ia 4500
001 3855
005 20240113233657.0
007 ta
008 180531s1995 ii a g b000 u hin u
020 _a81- 7028-177-6
040 _aCotton College Assam
041 _ahin
082 _a491.43
_bBh 469 vy
100 _aBhayani, Anupchandra .
245 0 _aVyaavsayik Sampreshan /
_cAnupchandra Bhayani.
_hTextual Documents
250 _a1st ed. /
260 _aDelhi :
_bRajpal & Sons ,
_c1995.
300 _a230p. :
_bill ;
_c21cm .
653 _aHindi literature
653 _aBusiness Communication
653 _aGen-Hindi
942 _2ddc
_cBK
999 _c3843
_d3843